| 000 | 01062nam a22002297a 4500 | ||
|---|---|---|---|
| 001 | 8852 | ||
| 003 | FISKH | ||
| 005 | 20251023110832.0 | ||
| 008 | 251023b cb ||||| |||| 00| 0 eng d | ||
| 040 |
_aFISKH _beng _cFISKH _dFISKH |
||
| 050 | _aPZ7.D182 F | ||
| 082 | _a813.54 | ||
| 100 | _aDamashek, Sandy | ||
| 245 |
_aFollow the leader: _bFeaturing Jim Henson's Sesame Street muppets / _cby Sandy Damashek ; Illustrated by Tom Cooke |
||
| 260 |
_aNew York : _bGolden Press, _c1981. |
||
| 300 |
_a26 unnumbered pages : _bcolor illustrations ; _c26 cm |
||
| 520 | _aIn this lively Sesame Street story, Big Bird and his friends play a fun game of “Follow the Leader.” Each Muppet takes turns leading the group in playful actions—marching, jumping, clapping, and dancing. Through the cheerful illustrations and rhythmic text, young readers learn about following directions, cooperation, and having fun together. | ||
| 650 |
_aPicture Book _vSesame Street _x Friendship |
||
| 700 |
_aCooke, Tom _eillustrator |
||
| 942 |
_2ddc _cBK _n0 |
||
| 999 |
_c8852 _d8852 |
||